Marketing vzťahov v miestnej samospráve

Salvato in:
Dettagli Bibliografici
Autore principale: Vitálišová, Katarína
Ente Autore: Univerzita Mateja Bela v Banskej Bystrici. Ekonomická fakulta
Natura: Libro
Lingua:slovacco
inglese
Pubblicazione: Banská Bystrica BELIANUM. Vydavateľstvo Univerzity Mateja Bela v Banskej Bystrici 2015
Serie:Studia oeconomica 50
Soggetti:
Tags: Aggiungi Tag
Nessun Tag, puoi essere il primo ad aggiungerne!!

MARC

LEADER 00000nam a2200000 4500
001 0230170
005 20220726103745.1
020 |a 978-80-557-0924-6 
041 0 |a slo 
041 0 |a eng 
044 |a SK 
245 1 0 |a Marketing vzťahov v miestnej samospráve  |c Katarína Vitálišová 
264 1 |a Banská Bystrica  |b BELIANUM. Vydavateľstvo Univerzity Mateja Bela v Banskej Bystrici  |c 2015 
300 |a 227 s. 
490 1 |a Studia oeconomica  |v 50 
830 0 |a Studia oeconomica  |v 50 
610 2 0 |a samospráva miestna 
610 2 0 |a marketing 
610 2 0 |a subjekt 
610 2 0 |a spolupráca podnikov 
610 2 0 |a správa verejná 
610 2 0 |a vzťahy ekonomické 
610 2 0 |a marketing mix 
610 2 0 |a nástroje marketingové 
610 2 0 |a analýzy 
610 2 0 |a prognózy 
610 2 0 |a modely 
610 2 0 |a Slovensko 
100 1 |a Vitálišová, Katarína 
710 2 |a Univerzita Mateja Bela v Banskej Bystrici. Ekonomická fakulta